LEADER 00976nam a2200277 i 4500 001 000000157821 003 CaOOAMICUS 005 20181122112645.0 008 070119s1978 it u000 u ita u 013 $a135182 040 $aSeMil$bita 100 1 $aSelva, Gustavo <1926-2015>.$0(OLS)http://semarc/name/16391 245 10$aRadiobelva /$cGustavo Selva. 260 $aMilano :$bRusconi,$c1978. 300 $a238 p. ;$c22 cm. 490 0 $aPamphlet [Rusconi] 500 $aFondo Card. Giovanni Colombo. 650 4$aItalia - Politica - 1978-1979.$0(OLS)http://semarc/subject/30860 830 0$aPamphlet.$0(OLS)http://semarc/title/420054 850 $aSeMil 852 $aSeMil$W1$xVenegono$y1$m1C VI 90$j109499$B109499$CSeMilBibl$Z2$F119009 $81 941 1 $a3 961 $aLascito: Colombo Card. Giovanni 996 $6245$aRadiobelva$9(OLS)http://semarc/title/231528 996 $6260$aMilano :$bRusconi$9(OLS)http://semarc/publisher/30258 LEADER 01101nam a2200253 i 4500 001 000000172530 003 CaOOAMICUS 005 20250604143726.0 008 080616s1951 it u000 u ita u 013 $a149972 040 $aSeMil$bita 100 1 $aBelli, Antonio.$0(OLS)http://semarc/name/64505 245 10$aStoria della letteratura ebraica biblica e postbiblica /$cAntonio Belli. 260 $aMilano :$bNuova accademia editrice,$c1951. 300 $a466 p. ;$c22 cm. 490 0 $aStoria delle letterature di tutto il mondo 650 4$aLetteratura ebraica biblica.$0(OLS)http://semarc/subject/57755 650 4$aLetteratura ebraica.$0(OLS)http://semarc/subject/1439 830 0$aStoria delle letterature di tutto il mondo.$0(OLS)http://semarc/title/20310 850 $aSeMil 852 $aSeMil$W1$xVenegono$y1$m1X III 241$j257818$B123392$CSeMilBibl$Z2$F134544 $81 996 $6245$aStoria della letteratura ebraica biblica e postbiblica$9(OLS)http://semarc/title/247095 996 $6260$aMilano :$bNuova accademia editrice$9(OLS)http://semarc/publisher/31675 LEADER 01345nam a2200301 i 4500 001 000000048480 003 CaOOAMICUS 005 20081223000000.0 008 081223s1985 it u000 u ita u 013 $a19650 020 $a88-15-00743-1 040 $aSeMil$bita 100 1 $aBubner, Rüdiger <1941-2007>.$0(OLS)http://semarc/name/13176 240 10$aHandlung, Sprache und Vernunft.$0(OLS)http://semarc/title/73391 245 10$aAzione, linguaggio e ragione :$bi concetti fondamentali della filosofia pratica /$cRüdiger Bubner ; [trad. di Bruno Argenton]. 260 $aBologna :$bIl Mulino,$c1985. 300 $a292 p. ;$c22 cm. 490 0 $aSaggi ;$v283 650 4$aFilosofia pratica.$0(OLS)http://semarc/subject/2731 650 4$aAzione .$0(OLS)http://semarc/subject/2422 700 1 $aArgenton, Bruno.$0(OLS)http://semarc/name/24002 830 0$aSaggi ;$v283.$0(OLS)http://semarc/title/341 850 $aSeMil 852 $aSeMil$W1$xVenegono$y1$m2P IV 534$j14635$B14635$CSeMilBibl$Z2$F14635 $81 961 $aAcquisto: Glossa (Libreria) 996 $6020$a88-15-00743-1$9(OLS)http://semarc/number/21552 996 $6245$aAzione, linguaggio e ragione :$bi concetti fondamentali della filosofia pratica$9(OLS)http://semarc/title/73390 996 $6260$aBologna :$bIl Mulino$9(OLS)http://semarc/publisher/29842 LEADER 01614nam a2200325 4500 001 000000353489 003 CaOOAMICUS 005 20230417124412.0 008 230417s2005 xxu 000 u eng r 020 $a978-0-8006-6061-1 020 $a0-8006-6061-7 040 $aSeMil$bita 100 1 $aHossfeld, Frank-Lothar,$d<1942-2015>.$0(OLS)http://semarc/name/4267 240 10$aPsalmen 51-100.$0(OLS)http://semarc/title/322044 245 10$aPsalms 2 :$ba commentary on Psalms 51-100 /$ctranslated and interpreted by Frank-Lothar Hossfeld and Erich Zenger ; edited by Klaus Baltzer ; English translation by Linda M. Maloney. 264 1$aMinneapolis :$bFortress Press,$c2005. 300 $aXXVI, 555 p. ;$c25 cm 490 1 $aHermeneia 650 4$aBibbia. Antico Testamento. Salmi - Commentari, studi, critica, interpretazioni.$0(OLS)http://semarc/subject/289 700 1 $aZenger, Erich,$d<1939-2010>.$0(OLS)http://semarc/name/2584 700 1 $aBaltzer, Klaus,$d<1928- >.$0(OLS)http://semarc/name/78928 700 1 $aMaloney, Linda M.,$d<1939- >.$0(OLS)http://semarc/name/21762 830 0$aHermeneia.$0(OLS)http://semarc/title/443263 850 $aSeMil 852 $aSeMil$W1$xVenegono$y1$m2WA N 25$j240268$B244977$CSeMilBibl$Z2$F244977 $81 996 $6020$a978-0-8006-6061-1$9(OLS)http://semarc/number/297981 996 $6020$a0-8006-6061-7$9(OLS)http://semarc/number/297980 996 $6245$aPsalms 2 :$ba commentary on Psalms 51-100$9(OLS)http://semarc/title/443543 996 $6264$aMinneapolis :$bFortress Press$9(OLS)http://semarc/publisher/38030